Spell the Marvel Hero #100 - Statistics

General Stats
  • This quiz has been taken 26 times
  • The average score is 7 of 13
Answer Stats
Picture Answer % Correct
Iron Fist
96%
Elektra
91%
Nightcrawler
91%
Jubilee
87%
Echo
83%
Outlaw
61%
Speedball
48%
Jessica Jones
39%
Crystal
35%
American Eagle
26%
Smasher
26%
Jolt
22%
Synapse
22%
No matching quizzes found
Score Distribution
Percent of People with Each Score
Percentile by Number Answered
Your Score History
You have not taken this quiz